| 000 | 00414nam a2200157Ia 4500 | ||
|---|---|---|---|
| 008 | 160316s1995 xxu||||| |||| 00| 0 eng d | ||
| 082 |
_a346.096000 _bSAH |
||
| 100 | _aSaha A N | ||
| 245 | _aLaw of dishonour of cheques | ||
| 250 | _a | ||
| 260 |
_aNew Delhi _bOrient Law House _c1995 |
||
| 300 |
_a600 _b _cLxiv |
||
| 365 | _b | ||
| 650 | _a1.Negotiable Instruments - Cheques - Dishonour of Cheques | ||
| 700 |
_a _a |
||
| 999 |
_c9001 _d9001 |
||